Нормален изглед
MARC изглед
- Димитрова, Гена
Вход 01. Лично име
001 - Контролен номер на записа
- Контролно поле: 387790
003 - Код на организацията, даваща контролен номер
- Контролно поле: BLK
005 - Дата и час на последна промяна на записа
- Контролно поле: 20180422121451.0
008 - Данни с фиксирана дължина – обща информация
- Данни с фиксирана дължина : 180422|| aca||aabn | a|a d
100 ## - ИМЕ НА ЛИЦЕ -ПЪРВИЧНА ИНТЕЛЕКТУАЛНА ОТГОВОРНОСТ
- Лично име: Димитрова, Гена
- Ключова дума за отношение: сопран
942 ## - Системна служебна употреба
- Koha auth type: PERSO_NAME